Responses for show #3779 - Thursday, January 25, 2001

Contestants

[<< previous game]

Jeremy Ochsenbein, an urban planner from Encino, California

Ron Shinkman, a journalist from Sherman Oaks, California

Jim Britton, an agricultural researcher from Butte, Montana (whose 1-day cash winnings total $12,900)

[next game >>]

Jeopardy! Round responses

STATE FLAGS
STYLISH CELEBRITIES
HANS CHRISTIAN ANDERSEN
YOU GOTTA HAVE FAITH
STRIKE!
WHILE THE "IRON" IS HOT
    $100 14
Hawaii

Jeremy
    $100 11
Madonna

Ron
    $100 17
The Ugly Duckling

Jim
    $100 26
Eden

Jim
    $100 6
3

Jeremy
    $100 1
Iron horse

Jim
    $200 19
Texas

Jeremy
    $200 12
Melanie Griffith

Jim
    $200 18
(R: Who is Gretel?)

The Little Match Girl

Ron
Triple Stumper
    $200 27
Palm reader

Jim
    $200 7
Oil

Jeremy
    $200 2
Iron Age

Ron
    $300 20
California

Ron
    $300 13
Target

Jim
    $300 23
Tin

Ron
    $300 28
Speaking in tongues

Jim
    $300 8
Lightning

Jim
    $300 3
(R: What is "Old Ironsides?")

Ironclad

RonJeremy
    $400 21
New Mexico

Jim
    $400 15
Liv Tyler

Jeremy
    $500 24
"The Emperor's New Clothes"

Ron
    $400 29
Dervish

Jeremy
    $400 9
Chord

Jim
    $400 4
Iron maiden

Ron
    $500 22
Oregon

Ron
    $500 16
Sela Ward

Triple Stumper
    $500 25
(we have less than a minute to go...)

Thumbelina

Triple Stumper
    $500 30
Fiddler's Green

Jeremy
    $500 10
Ronald Reagan

Jeremy
    $500 5
(Jeremy: What is "Old Ironsides?")

"The Iron Chancellor"

Jeremy
Triple Stumper

Scores at the first commercial break (after clue 16):

Jim Ron Jeremy
$1,300 $400 $1,100

Scores at the end of the Jeopardy! Round:

Jim Ron Jeremy
$2,400 $1,800 $2,200

Double Jeopardy! Round responses

THE 1860s
ALMOST REAL
ON THE ROAD WITH BOB & BING
20th CENTURY ARCHITECTURE
CLASSICAL COMPOSITIONS
(Alex: Talking about music.)
FAMOUS PAIRS
    $200 1
Transcontinental Railroad

Jim
    $200 7
Funny money

Ron
    $200 26
Morocco

Jim
    $200 8
(Jeremy: Who is...(time)?)

Benito Mussolini

JimJeremy
    $200 19
Operas

Jim
    $200 4
Hide and Seek

Ron
    $400 2
Alfred Nobel

Jeremy
    $400 11
Facade

Jim
    $400 30
Rio (de Janeiro)

Jim
    $400 15
The Netherlands/Holland

Ron
    $400 20
Song

Jim
    $400 9
Pins & needles

Triple Stumper
    $600 3
The Salvation Army

Triple Stumper
    $600 12
Jar Jar Binks

Ron
    $600 29
(R: What is Mandalay?)

Singapore

Ron
Triple Stumper
    $600 16
"Blue Whale"

Ron
    $600 21
(Jeremy: What is a march?)

Concerto

RonJeremy
    $600 10
(Jeremy: What is crystal-clear?)

Black & white

Jeremy
Triple Stumper
    $800 5
Wyoming

Jeremy
    $800 13
Flight simulator

Jeremy
    $800 27
(Jeremy: What is Jakarta?)

Bali

JimJeremy
    $2,000 17
Washington, D.C.

Ron
    $800 22
String quartet

Ron
    $800 24
Hard & fast

Triple Stumper
    $1000 6
Giuseppe Garibaldi

Triple Stumper
    $1000 14
Ersatz

Ron
    $3,000 28
Zanzibar

Jim
    $1000 18
Stanford White

Ron
    $1000 23
Variations

Triple Stumper
    $1000 25
(minute to go, Ron...)

Cut & dried

Triple Stumper

Scores at the end of the Double Jeopardy! Round:

Jim Ron Jeremy
$8,200 $8,600 $2,000

[wagering suggestions for these scores]

Final Jeopardy! Round responses

SCIENTISTS
JeremyWho is Edison
$1,900
JimWho is ?
$4,000
RonWho is Darwin ?
$7,801
Charles Darwin

Final scores:

Jim Ron Jeremy
$4,200 $16,401 $100
2nd place: Trip to Los Cabos, Mexico courtesy of Yahoo! Travel New champion: $16,401 3rd place: Meade ETX90 Telescope

Game dynamics:

Coryat scores:

Jim Ron Jeremy
$6,200 $7,300 $2,000
19 R
(including 1 DD),
0 W
17 R
(including 2 DDs),
3 W
12 R,
5 W

Combined Coryat: $15,500

The J! Archive is created by fans, for fans. Scraping, republication, monetization, and malicious use prohibited; this site may use cookies and collect identifying information. See terms. The Jeopardy! game show and all elements thereof, including but not limited to copyright and trademark thereto, are the property of Jeopardy Productions, Inc. and are protected under law. This website is not affiliated with, sponsored by, or operated by Jeopardy Productions, Inc. Join the discussion at JBoard.tv.